Η τεχνική των σύγχρονων πολιτικών μύθων

Αποθηκεύτηκε σε:
Λεπτομέρειες βιβλιογραφικής εγγραφής
Κύριος συγγραφέας: Cassirer, Ernst, 1874-1945
Άλλοι συγγραφείς: Λικιαρδόπουλος, Γεράσιμος (Μεταφραστής)
Μορφή: Βιβλίο
Γλώσσα:Greek
Δημοσίευση: Αθήνα : ΕΡΑΣΜΟΣ, 1984
Σειρά:Ιδέες (Εκδόσεις Έρασμος)
Θέματα:
Ετικέτες: Προσθήκη ετικέτας
Δεν υπάρχουν, Καταχωρήστε ετικέτα πρώτοι!

MARC

LEADER 00000cam a2200000 i 4500
001 1/48994
008 960327s1984 gre d
035 |l 10026762 
040 |a GR-MY-UA  |b gre  |e aacr 
041 0 |a gre 
082 0 |a 320 
100 1 |a Cassirer, Ernst,   |d 1874-1945. 
245 1 2 |a Η τεχνική των σύγχρονων πολιτικών μύθων /  |c Ernst Cassirer ; Μετάφραση:Γεράσιμος Λικιαρδόπουλος 
260 |a Αθήνα :   |b ΕΡΑΣΜΟΣ,   |c 1984 
300 |a 40 σ. 
490 1 |a (Οι ιδέες / Εκδόσεις Έρασμος ;   |v 11) 
500 |a Περιλαμβάνει βιβλιογραφία 
650 0 0 |a Political science. 
650 0 0 |a State, The. 
650 0 0 |a Mythology. 
700 1 |a Λικιαρδόπουλος, Γεράσιμος.  |4 trl 
830 0 |a Ιδέες (Εκδόσεις Έρασμος) 
852 |a INST  |b CHIOS  |e 19960327  |h 320 CAS  |p 005200003211  |q 005200003211  |t BK  |y 0